Inventario de los archivos municipales de Osuna, Sanlúcar la Mayor, Fuentes de Andalucía / bajo la dirección de Antonia Heredia Herrera
Descripción Física:
306 p. ; 24 cm
Colección:
Archivos municipales sevillanos ; 13
MARC
| LEADER | 00000nam a2200000Ia 4500 | ||
|---|---|---|---|
| 001 | 7957 | ||
| 008 | 160829s1988 xx 000 0 cat d | ||
| 080 | |a A-1-290 | ||
| 100 | 1 | |a Heredia Herrera, Antonia, |d 1934- |9 34054 | |
| 245 | |a Inventario de los archivos municipales de Osuna, Sanlúcar la Mayor, Fuentes de Andalucía / bajo la dirección de Antonia Heredia Herrera | ||
| 260 | |a Sevilla : |b Diputación Provincial de Sevilla, |c 1988 | ||
| 300 | |a 306 p. ; |c 24 cm | ||
| 490 | |a Archivos municipales sevillanos ; 13 | ||
| 650 | |a Arxius municipals |x Sevilla (Província) |x Inventaris |9 34055 | ||
| 710 | 1 | |a Sevilla (Andalusia : Província). |b Diputación |9 56534 | |
| 901 | |a Arxiu | ||
| 942 | |n 1 | ||
| 952 | |0 0 |1 0 |4 0 |6 A1290 |7 1 |9 46363 |a Arxiu |b Arxiu |d 2016-12-01 |l 0 |o A-1-290 |p 7957 |r 2016-12-01 00:00:00 |w 2016-12-01 |y ARXIU | ||
| 999 | |c 50148 |d 50148 | ||